LEADER 00885nam0-22002891i-450- 001 990003985700403321 005 20031210132208.0 010 $a0-900983-62-0 035 $a000398570 035 $aFED01000398570 035 $a(Aleph)000398570FED01 035 $a000398570 100 $a20030922d--------km-y0itay50------ba 101 0 $aeng 200 1 $a<>aerodynamics and ventilation of vehicle tunnels$eA state of the art review and bibliography. BHRA fluid engineering series$evolume 2$fPursall B. R. 210 $aCranfield$cBHRA$d1976 610 0 $aventilazione 610 0 $atunnel 676 $a624'.19 700 1$aPursall,$bB. R.$0150460 801 0$aIT$bUNINA$gRICA$2UNIMARC 901 $aBK 912 $a990003985700403321 952 $a00 E1387$b2664$fDETEC 959 $aDETEC 996 $aAerodynamics and ventilation of vehicle tunnels$9474108 997 $aUNINA LEADER 01924nas 2200529-a 450 001 996398341803316 005 20230224213018.0 011 $a1758-6925 035 $a(DE-599)ZDB2037921-3 035 $a(OCoLC)50102769 035 $a(CKB)111006469465254 035 $a(CONSER)--2004255459 035 $a(EXLCZ)99111006469465254 100 $a20020702a20009999 s-- a 101 0 $aeng 135 $aurcnu|||||||| 181 $ctxt$2rdacontent 182 $cc$2rdamedia 183 $acr$2rdacarrier 200 00$aPerformance measurement and metrics 210 $a[Bradford, West Yorkshire] $cMCB University Press ;$a[Colchester, U.K.] $c[Aslib, the Association for Information Management] 300 $aRefereed/Peer-reviewed 300 $a"The international journal for library and information services." 300 $aTitle from table of contents (Emerald, viewed July 28, 2004). 300 $aIssues for <2004-> published: Bradford, England : Emerald Group Publishing Ltd. 311 $a1467-8047 517 3 $aPerformance measurement & metrics 531 $aPERFORMANCE MEASUREMENT & METRICS 606 $aLibraries$xEvaluation$vPeriodicals 606 $aInformation services$xEvaluation$vPeriodicals 606 $aLibrary statistics$vPeriodicals 606 $aInformation services$xEvaluation$2fast$3(OCoLC)fst00972712 606 $aLibraries$xEvaluation$2fast$3(OCoLC)fst00997397 606 $aLibrary statistics$2fast$3(OCoLC)fst00997999 608 $aPeriodicals.$2fast 615 0$aLibraries$xEvaluation 615 0$aInformation services$xEvaluation 615 0$aLibrary statistics 615 7$aInformation services$xEvaluation. 615 7$aLibraries$xEvaluation. 615 7$aLibrary statistics. 676 $a025 712 02$aAslib. 906 $aJOURNAL 912 $a996398341803316 996 $aPerformance measurement and metrics$91757285 997 $aUNISA